Gaseous Discharge Switch Operation in High Power Resonant Microwave Compressor; 14th Symposium on High Current Electronics, September 10-15, 2006

Xehetasun bibliografikoak
Parent link:14th Symposium on High Current Electronics, September 10-15, 2006.— 2006.— [P. 376-379]
Beste egile batzuk: Novikov S. A. Sergey Avtonomovich, Artemenko S. N. Sergey Nikolaevich, Avgustinovich V. A. Vladimir Andreevich, Yushkov Y. G. Yuri Georgievich
Gaia:Title screen
Режим доступа: по договору с организацией-держателем ресурса
Hizkuntza:ingelesa
Argitaratua: 2006
Gaiak:
Sarrera elektronikoa:http://www.congress-2006.hcei.tsc.ru/cat/proc_2006/shce/Paper_094.pdf
Formatua: MixedMaterials Baliabide elektronikoa Liburu kapitulua
KOHA link:https://koha.lib.tpu.ru/cgi-bin/koha/opac-detail.pl?biblionumber=637602

MARC

LEADER 00000naa0a2200000 4500
001 637602
005 20250528131329.0
035 |a (RuTPU)RU\TPU\network\1754 
090 |a 637602 
100 |a 20140930d2006 k y0rusy50 ba 
101 0 |a eng 
102 |a RU 
135 |a drcn ---uucaa 
181 0 |a i  
182 0 |a b 
200 1 |a Gaseous Discharge Switch Operation in High Power Resonant Microwave Compressor  |f S. A. Novikov [et al.] 
203 |a Text  |c electronic 
300 |a Title screen 
320 |a [References: р. 379 (2 tit.)] 
333 |a Режим доступа: по договору с организацией-держателем ресурса 
463 |t 14th Symposium on High Current Electronics, September 10-15, 2006  |o Proceedings  |f Institute of High Current Electronics  |v [P. 376-379]  |d 2006  |s High Pover Microwaves 
610 1 |a электронный ресурс 
610 1 |a труды учёных ТПУ 
701 1 |a Novikov  |b S. A.  |c specialist in electrical engineering  |c Professor of Tomsk Polytechnic University, doctor of physical and mathematical sciences  |f 1949-  |g Sergey Avtonomovich  |3 (RuTPU)RU\TPU\pers\32424  |9 16373 
701 1 |a Artemenko  |b S. N.  |c physicist  |c Leading researcher of Tomsk Polytechnic University, Doctor of physical and mathematical science  |f 1951-  |g Sergey Nikolaevich  |3 (RuTPU)RU\TPU\pers\31801  |9 15912 
701 1 |a Avgustinovich  |b V. A.  |c radiophysicist  |c Leading engineer of Tomsk Polytechnic University  |f 1941-  |g Vladimir Andreevich  |3 (RuTPU)RU\TPU\pers\32425  |9 16374 
701 1 |a Yushkov  |b Y. G.  |c electrophysicist  |c Professor of Tomsk Polytechnic University, Doctor of technical sciences  |f 1937-  |g Yuri Georgievich  |3 (RuTPU)RU\TPU\pers\25936  |9 11786 
801 2 |a RU  |b 63413507  |c 20141107  |g RCR 
850 |a 63413507 
856 4 |u http://www.congress-2006.hcei.tsc.ru/cat/proc_2006/shce/Paper_094.pdf 
942 |c CF